000 00778nam a22002297a 4500
003 OSt
005 20251201135610.0
008 251201b |||||||| |||| 00| 0 eng d
020 _a 978-621-04-0383-1
040 _aDWC-Main lib
_cOC
082 _2 First edition
_aFil. 658.3008 A356m 2020
100 _aAlcuaz, Vic
245 _aMulticultural diversity in the workplace for the tourism professional/
_cVic Alcuaz
250 _aFirst edition
260 _aManila, Philippines :
_b Rex Bookstore ,
_cc2020.
300 _a189 pages :
_billustrations ;
_c25cm.
504 _aIncludes index.
650 _a1. Diversity in the workplace
650 _a2. Multicultural education
700 _aMa. Christina G. Aquino
942 _2ddc
_cBK - FIL
_eFirst edition
_kFil.
_n0
999 _c6662
_d6662